| Tag |
First Indicator |
Second Indicator |
Subfields |
| LEADER |
00000pam a2200000 a 4500 |
| 001 |
in00000069747 |
| 005 |
20151008054547.0 |
| 008 |
810305s1982 nyuabe b 00110 eng |
| 010 |
|
|
|a 81002338
|
| 020 |
|
|
|a 0070354782 :
|c $21.50
|
| 035 |
|
|
|a (OCoLC)07277503
|
| 035 |
|
|
|9 AAJ1019AM
|
| 039 |
0 |
|
|a 2
|b 3
|c 3
|d 3
|e 3
|
| 040 |
|
|
|a DLC
|c DLC
|d TXA
|d UtOrBLW
|
| 049 |
|
|
|a TXAM
|c [1442191]
|
| 050 |
0 |
0 |
|a TH7413
|b .K74
|
| 082 |
0 |
|
|a 697/.78
|2 19
|
| 100 |
1 |
|
|a Kreider, Jan F.,
|d 1942-
|
| 245 |
1 |
4 |
|a The solar heating design process :
|b active and passive systems /
|c Jan F. Kreider.
|
| 264 |
|
1 |
|a New York :
|b McGraw-Hill,
|c [1982]
|
| 264 |
|
4 |
|c ©1982
|
| 300 |
|
|
|a viii, 456 pages :
|b illustrations, map, plans ;
|c 24 cm.
|
| 336 |
|
|
|a text
|b txt
|2 rdacontent
|
| 337 |
|
|
|a unmediated
|b n
|2 rdamedia
|
| 338 |
|
|
|a volume
|b nc
|2 rdacarrier
|
| 500 |
|
|
|a Includes index.
|
| 504 |
|
|
|a Bibliography: pages 445-448.
|
| 650 |
|
0 |
|a Solar heating.
|
| 999 |
|
|
|a MARS
|
| 999 |
f |
f |
|s dad8a33a-c920-39e7-83f1-026a73bd0d92
|i 2bd7ce17-dbe2-34be-8849-04456de5712c
|t 0
|
| 952 |
f |
f |
|p ric
|a Texas A&M University
|b Rellis Campus
|c Joint Library Facility
|d Remote Storage
|t 0
|e TH7413 .K74
|h Library of Congress classification
|i unmediated -- volume
|m A14806247974
|
| 998 |
f |
f |
|a TH7413 .K74
|t 0
|l Remote Storage
|